| 000 | 02164cam a22001934a 4500 | ||
|---|---|---|---|
| 005 | 20250605164106.0 | ||
| 008 | 250528s ||||||||||||||||||||||||d | ||
| 035 | _a17749 | ||
| 020 | _a9789609535403 | ||
| 040 |
_aGR-AtMCL _bgre _dGR-AtMCL _eAACR2 |
||
| 245 | 1 | _aΟ Γνωσιακός Ρόλος της Γλώσσας / Η Συμβολή των Επιστημών της Γλώσσας και του Νου | |
| 260 |
_bΝήσος, _c2012 |
||
| 300 | _a334 | ||
| 520 | _aΤο παρόν βιβλίο παρουσιάζει θεωρητικές και εμπειρικές προσεγγίσεις του ρόλου της γλώσσας στο νου στις γλώσσο- και γνώσιο-επιστήμες. Πρόλογος, Εισαγωγή, Ιστορική Αναδρομή στους Προβληματισμούς για τη Σχέση Γλώσσας και Νόησης στη Φιλοσοφία, Τα Νοητικά και Γλωσσικά Φαινόμενα: Θεωρητικές Προσεγγίσεις και Περιγραφές τους, Τα Νοητικά Φαινόμενα, Τα Γλωσσικά Φαινόμενα, Σημειωτική Σχετικότητα: Η Γλωσσική Μεσολάβηση της Νόησης, Υπολογιστικές Προσεγγίσεις της Γλώσσας και της Νόησης, Κοινωνικές και Νοησιακές και Εμπειρικές Προσεγγίσεις του Ρόλου της Γλώσσας στο Νου, Γλωσσική και Επικοινωνιακή Σχετικότητα: Διαφορές στη Δομή και στη Χρήση των Γλωσσών και Γνωσιακές Προεκτάσεις τους, Θεωρητικές Προσεγγίσεις της Γλωσσικής και της Επικοινωνιακής Σχετικότητας, Η Εμπειρική Διερεύνηση της Γλωσσικής Σχετικότητας, Κάποια Συμπεράσματα, Επίλογος, Βιβλιογραφικές Αναφορές. | ||
| 700 | 1 |
_aΚατή Δήμητρα _93952 |
|
| 942 | _cBK | ||
| 999 |
_c3150 _d3150 |
||